=LDR 00000nam 2200000 4500 =001 INLIS000000000005851 =005 20251029103824 =035 ##$$a 0010-1025000906 =007 ta =008 251029###########################0#ind## =082 ##$$a 352.30958 =084 ##$$a 352.30958 BAD p =245 1#$$a Pendayagunaan Hasil Penelitian untuk Implikasi Kebijaksanaan : $b - /$c Badan Koordinasi Keluarga Berencana Nasional =260 ##$$a Jakarta :$b Badan Koordinasi Keluarga Berencana Nasional,$c 2000 =300 ##$$a 12 hal : $b ilus ; $c 21 cm =650 #4$$a Keluarga Berencana =110 #$$a Badan Koordinasi Keluarga Berencana Nasional =856 ##$$a Perpustakaan Kemendukbangga